<?xml version="1.0" encoding="UTF-8"?>
<collection xmlns="http://www.loc.gov/MARC21/slim">
 <record>
  <leader>02008nam a2200349   4500</leader>
  <controlfield tag="001">DLU110118748</controlfield>
  <controlfield tag="005">##20110316</controlfield>
  <datafield tag="040" ind1="#" ind2="#">
   <subfield code="a">DLU</subfield>
   <subfield code="b">vie</subfield>
  </datafield>
  <datafield tag="041" ind1="#" ind2="#">
   <subfield code="a">vie</subfield>
  </datafield>
  <datafield tag="044" ind1="#" ind2="#">
   <subfield code="a">vn</subfield>
  </datafield>
  <datafield tag="082" ind1="#" ind2="#">
   <subfield code="a">658.150 76</subfield>
   <subfield code="b">NG-H</subfield>
  </datafield>
  <datafield tag="100" ind1="#" ind2="#">
   <subfield code="a">Nguyễn Thị Hà,</subfield>
   <subfield code="c">TS.</subfield>
  </datafield>
  <datafield tag="245" ind1="#" ind2="#">
   <subfield code="a">Tài chính doanh nghiệp :</subfield>
   <subfield code="b">Hướng dẫn trả lời lý thuyết, giải bài tập và trắc nghiệm : Dùng cho học viên cao học, nghiên cứu sinh và sinh viên các trường đại học khối Tài chính - Kinh tế - Quản trị kinh doanh /</subfield>
   <subfield code="c">Nguyễn Thị Hà, Nguyễn Đình Kiệm.</subfield>
  </datafield>
  <datafield tag="260" ind1="#" ind2="#">
   <subfield code="a">H. :</subfield>
   <subfield code="b">Tài chính,</subfield>
   <subfield code="c">2010.</subfield>
  </datafield>
  <datafield tag="300" ind1="#" ind2="#">
   <subfield code="a">211 tr. ;</subfield>
   <subfield code="c">21 cm.</subfield>
  </datafield>
  <datafield tag="504" ind1="#" ind2="#">
   <subfield code="a">Tài liệu tham khảo: tr. 7.</subfield>
  </datafield>
  <datafield tag="505" ind1="#" ind2="#">
   <subfield code="a">Chương I. Tổng quan về tài chính doanh nghiệp -- Chương II. Chi phí, doanh thu và lợi nhuận của doanh nghiệp -- Chương VIII. Nguồn tài trợ của doanh nghiệp và nguồn tài trợ ngắn hạn nguồn tài trợ dài hạn của doanh nghiệp -- Chương X. Kế hoạch hoá tài chính -- Chương III. Vốn kinh doanh của doanh nghiệp -- Chương IV. Giá trị theo thời gian của tiền, tỷ suất sinh lời và rủi ro.</subfield>
  </datafield>
  <datafield tag="505" ind1="#" ind2="#">
   <subfield code="a">Chương V. Đầu tư dài hạn của doanh nghiệp -- Chương VII. Cổ tức của công ty cổ phần -- Chương VIII. Nguồn tài trợ của doanh nghiệp và nguồn tài trợ ngắn hạn -- Chương IX. Nguồn tài trợ dài hạn của doanh nghiệp -- Chương X. Kế hoạch hoá tài chính của doanh nghiệp -- Chương XI. Vấn đề tài chính trong việc sát nhập, hợp nhất, phá sản doanh nghiệp.</subfield>
  </datafield>
  <datafield tag="653" ind1="#" ind2="#">
   <subfield code="a">Quản trị doanh nghiệp</subfield>
  </datafield>
  <datafield tag="653" ind1="#" ind2="#">
   <subfield code="a">Tài chính</subfield>
  </datafield>
  <datafield tag="700" ind1="#" ind2="#">
   <subfield code="a">Nguyễn Đình Kiệm,</subfield>
   <subfield code="c">PGS.TS.</subfield>
  </datafield>
  <datafield tag="923" ind1="#" ind2="#">
   <subfield code="a">01/2011</subfield>
  </datafield>
  <datafield tag="991" ind1="#" ind2="#">
   <subfield code="a">GT</subfield>
  </datafield>
  <datafield tag="992" ind1="#" ind2="#">
   <subfield code="a">32000</subfield>
  </datafield>
  <datafield tag="994" ind1="#" ind2="#">
   <subfield code="a">DLU</subfield>
  </datafield>
  <datafield tag="900" ind1="#" ind2="#">
   <subfield code="a">True</subfield>
  </datafield>
  <datafield tag="911" ind1="#" ind2="#">
   <subfield code="a">Đào Thị Thu Huyền</subfield>
  </datafield>
  <datafield tag="925" ind1="#" ind2="#">
   <subfield code="a">G</subfield>
  </datafield>
  <datafield tag="926" ind1="#" ind2="#">
   <subfield code="a">A</subfield>
  </datafield>
  <datafield tag="927" ind1="#" ind2="#">
   <subfield code="a">SH</subfield>
  </datafield>
  <datafield tag="980" ind1="#" ind2="#">
   <subfield code="a">Thư viện Trường Đại học Đà Lạt</subfield>
  </datafield>
 </record>
</collection>
